<?xml version="1.0" encoding="UTF-8"?>
<record
    xmlns:xsi="http://www.w3.org/2001/XMLSchema-instance"
    xsi:schemaLocation="http://www.loc.gov/MARC21/slim http://www.loc.gov/standards/marcxml/schema/MARC21slim.xsd"
    xmlns="http://www.loc.gov/MARC21/slim">

  <leader>00510nam a22001577a 4500</leader>
  <controlfield tag="005">20241217103501.0</controlfield>
  <controlfield tag="008">241217b        |||||||| |||| 00| 0 eng d</controlfield>
  <datafield tag="020" ind1=" " ind2=" ">
    <subfield code="a">978-93-48016-13-3</subfield>
  </datafield>
  <datafield tag="041" ind1=" " ind2=" ">
    <subfield code="a">mar</subfield>
  </datafield>
  <datafield tag="100" ind1=" " ind2=" ">
    <subfield code="a">&#x91F;&#x93E;&#x915;&#x933;&#x915;&#x930;, &#x936;&#x93F;&#x935;&#x93E;&#x91C;&#x940; &#x906;&#x923;&#x93F; &#x907;&#x924;&#x930; </subfield>
    <subfield code="9">207346</subfield>
  </datafield>
  <datafield tag="245" ind1=" " ind2=" ">
    <subfield code="a">&#x935;&#x94D;&#x92F;&#x935;&#x938;&#x93E;&#x92F; &#x92A;&#x94D;&#x930;&#x936;&#x93E;&#x938;&#x928; : &#x92A;&#x94D;&#x930;&#x915;&#x932;&#x94D;&#x92A; &#x935;&#x94D;&#x92F;&#x935;&#x938;&#x94D;&#x925;&#x93E;&#x92A;&#x928;   -  II  ( M. Com. )  </subfield>
  </datafield>
  <datafield tag="250" ind1=" " ind2=" ">
    <subfield code="a">1st ed.</subfield>
  </datafield>
  <datafield tag="260" ind1=" " ind2=" ">
    <subfield code="a">Pune</subfield>
    <subfield code="b">Success </subfield>
  </datafield>
  <datafield tag="300" ind1=" " ind2=" ">
    <subfield code="a">4.18</subfield>
  </datafield>
  <datafield tag="942" ind1=" " ind2=" ">
    <subfield code="c">BK</subfield>
  </datafield>
  <datafield tag="999" ind1=" " ind2=" ">
    <subfield code="c">362308</subfield>
    <subfield code="d">362308</subfield>
  </datafield>
  <datafield tag="952" ind1=" " ind2=" ">
    <subfield code="0">0</subfield>
    <subfield code="1">0</subfield>
    <subfield code="2">ddc</subfield>
    <subfield code="4">0</subfield>
    <subfield code="7">0</subfield>
    <subfield code="a">SSMM</subfield>
    <subfield code="b">SSMM</subfield>
    <subfield code="d">2024-12-17</subfield>
    <subfield code="e">Success</subfield>
    <subfield code="g">140.00</subfield>
    <subfield code="i">19589</subfield>
    <subfield code="p">SSMM-BK-32021</subfield>
    <subfield code="r">2025-11-03 15:42:40</subfield>
    <subfield code="w">2024-12-17</subfield>
    <subfield code="y">BK</subfield>
    <subfield code="z">010032021</subfield>
  </datafield>
</record>
